Lataa...
Economic Anthroplogy
| Päätekijä: | |
|---|---|
| Aineistotyyppi: | Printed Book |
| Julkaistu: |
California
Stanford University
1989
|
| Aiheet: |
| LEADER | 00406nam a22001217a 4500 | ||
|---|---|---|---|
| 082 | |a 306.3 |b ECO | ||
| 100 | |a Plattner,Stuart ed. | ||
| 245 | |a Economic Anthroplogy | ||
| 260 | |a California |b Stanford University |c 1989 | ||
| 650 | |a Economics-anthroplogy | ||
| 942 | |c REF | ||
| 999 | |c 93885 |d 93885 | ||
| 952 | |0 0 |1 0 |4 0 |6 306_300000000000000_ECO |7 0 |9 86391 |a SSS |b SSS |c RGS |d 2011-05-26 |l 0 |o 306.3 ECO |p SSSPC217 |r 2011-05-26 |w 2011-05-26 |y REF | ||